| 000 | 01245cam a2200409 4500 | ||
|---|---|---|---|
| 008 | 090401t1989 xxu||||| |||| 00| 0 eng d | ||
| 020 | _a0419148302 | ||
| 035 | _a(Sirsi) u20362 | ||
| 041 | _aeng | ||
| 050 | _a333.33 | ||
| 110 |
_aLand and Property Development Conference _91279 |
||
| 245 | _aLand and property development new directions: transactions of the ... conference held at St. Hilda`s College, Oxford and Oxford Polytechnic , 14-16 September 1989 | ||
| 260 |
_aLondon _bE. and F.N. Spon _c1989 |
||
| 300 | _axii,418p. ; 24cm. | ||
| 350 | _a35 | ||
| 520 | _aSponsored by Chesterton , supported by the Association of Heads of Department of Surveying in Polytechnics . | ||
| 650 | _aCAMBRIDGE | ||
| 650 | _aCHINA | ||
| 650 | _aCHURCHES | ||
| 650 | _aDEVELOPMENT FINANCE | ||
| 650 | _aDEVELOPMENT | ||
| 650 | _aHONG KONG | ||
| 650 | _aINDIA | ||
| 650 | _aINNER CITY REDEVELOPMENT | ||
| 650 | _aKENT | ||
| 650 | _aLIVERPOOL | ||
| 650 | _aMETROCENTRE | ||
| 650 | _aNOTTINGHAM | ||
| 650 | _aOBSOLESCENCE | ||
| 650 | _aPLANNING GAIN | ||
| 650 | _aPROPERTY FINANCE | ||
| 650 | _aPROPERTY INVESTMENT | ||
| 650 | _aUNITISATION | ||
| 700 |
_aGrover, Richard _xEditor |
||
| 942 | _n0 | ||
| 948 | _c04/03/1997 | ||
| 999 |
_c87808 _d87808 |
||